[Event "Hastings Masters op 95th"]
[Site "Hastings"]
[Date "2020.01.04"]
[Round "8"]
[White "Thatte, Nandinee"]
[Black "Cresswell, Mike J"]
[Result "1/2-1/2"]
[WhiteElo "1270"]
[BlackElo "1662"]
[PlyCount "50"]
[EventDate "2019.12.28"]
[EventType "swiss"]
[EventRounds "9"]
[EventCountry "ENG"]
[SourceTitle "CBM 194 Extra"]
[Source "ChessBase"]
[SourceDate "2020.03.31"]
[SourceVersion "1"]
[SourceVersionDate "2020.03.31"]
[SourceQuality "1"]

1. d4 Nf6 2. c4 c5 3. d5 b5 4. cxb5 a6 5. bxa6 Bxa6 6. Nc3 g6 7. e4 Bxf1 8. Kxf1 d6 9. Nf3 Bg7 10. g3 0-0 11. Kg2 Na6 12. Rb1 Qd7 13. h3 Rfb8 14. Re1 Ne8 15. e5 Qb7 16. a3 Nac7 17. Qd3 dxe5 18. Nxe5 Rd8 19. Qf3 Bf6 20. g4 Nxd5 21. g5 Bxe5 22. Rxe5 e6 23. h4 Rab8 24. Kg3 Qc7 25. Bf4 Nxf4 1/2-1/2

[Event "Hastings Masters op 95th"]
[Site "Hastings"]
[Date "2020.01.02"]
[Round "6"]
[White "Thatte, Nandinee"]
[Black "Barton, R Alan"]
[Result "0-1"]
[WhiteElo "1270"]
[BlackElo "1945"]
[PlyCount "128"]
[EventDate "2019.12.28"]
[EventType "swiss"]
[EventRounds "9"]
[EventCountry "ENG"]
[SourceTitle "CBM 194 Extra"]
[Source "ChessBase"]
[SourceDate "2020.03.31"]
[SourceVersion "1"]
[SourceVersionDate "2020.03.31"]
[SourceQuality "1"]

1. d4 d6 2. c4 Nf6 3. Nc3 Nbd7 4. e4 e5 5. d5 Be7 6. Nf3 Nc5 7. Qc2 a5 8. Be2 0-0 9. 0-0 Ne8 10. Be3 b6 11. a3 f5 12. Bxc5 bxc5 13. exf5 Bxf5 14. Bd3 g6 15. Nd2 Ng7 16. Nde4 Bd7 17. Ne2 Nh5 18. N2g3 Nf4 19. Ne2 Qe8 20. Qc3 a4 21. Rfe1 Nxd3 22. Qxd3 Rb8 23. Rab1 Rb3 24. Qd2 Qf7 25. Nc1 Rb6 26. Nd3 Bf6 27. Qc2 Bh4 28. Rf1 Bf5 29. Rfe1 Rb3 30. Re2 Qd7 31. Rf1 c6 32. Qd2 cxd5 33. Ndxc5 dxc5 34. Nxc5 Qd6 35. Nxb3 axb3 36. cxd5 Rd8 37. Rd1 Bc2 38. Rde1 Qxd5 39. Qc3 e4 40. Re3 Rf8 41. R3e2 Bf6 42. Qb4 Qd4 43. Qb7 Qxb2 44. a4 Qc3 45. Rc1 Qd3 46. Re3 Qd2 47. Rce1 Rd8 48. h3 Qd5 49. Qc7 Be5 50. Qb6 Bd4 51. Qb4 Bxe3 52. Rxe3 Qd1+ 53. Kh2 Qd6+ 54. Qxd6 Rxd6 55. Rc3 b2 56. Rxc2 b1Q 57. Rc8+ Kg7 58. Rc7+ Kh6 59. Rf7 Qb8 60. g3 e3 61. fxe3 Rd2+ 62. Kg1 Qxg3+ 63. Kf1 Qg2+ 64. Ke1 Qe2# 0-1

[Event "Hastings Masters op 95th"]
[Site "Hastings"]
[Date "2020.01.01"]
[Round "5"]
[White "Burrows, Nick"]
[Black "Thatte, Nandinee"]
[Result "1-0"]
[WhiteElo "1952"]
[BlackElo "1270"]
[PlyCount "105"]
[EventDate "2019.12.28"]
[EventType "swiss"]
[EventRounds "9"]
[EventCountry "ENG"]
[SourceTitle "CBM 194 Extra"]
[Source "ChessBase"]
[SourceDate "2020.03.31"]
[SourceVersion "1"]
[SourceVersionDate "2020.03.31"]
[SourceQuality "1"]

1. d4 Nf6 2. c4 g6 3. Nc3 Bg7 4. e4 d6 5. f4 0-0 6. Nf3 Nfd7 7. Bd3 c6 8. 0-0 e5 9. fxe5 dxe5 10. d5 Re8 11. Be3 Nf6 12. Kh1 Nbd7 13. Qe1 Nh5 14. Qf2 Ndf6 15. Bxa7 Ng4 16. Qg1 Nf4 17. Bb6 Qe7 18. Bc5 Qd8 19. Bc2 Bd7 20. Rae1 Ra6 21. dxc6 Rxc6 22. Nd5 Ne6 23. Bb6 Qc8 24. b3 Nf8 25. Bb1 Nh6 26. Be3 Ng4 27. Bc1 Ra6 28. Bb2 b5 29. c5 Bc6 30. b4 Qb7 31. h3 Nh6 32. Nc3 Rd8 33. Qe3 Ne6 34. Ne2 Qc7 35. Rd1 Raa8 36. a3 Kh8 37. Ng5 Nxg5 38. Qxg5 Ng8 39. Nc3 Qb7 40. Rxd8 f6 41. Qd2 Rxd8 42. Qxd8 f5 43. Nd5 Bxd5 44. Qxd5 Qe7 45. exf5 gxf5 46. Rxf5 Nh6 47. Qa8+ Bf8 48. Rxf8+ Kg7 49. Re8 Qh4 50. Bxe5+ Kf7 51. Rf8+ Ke6 52. Ba2+ Ke7 53. Qe8# 1-0

[Event "London Chess Classic: Blitz A"]
[Site "London"]
[Date "2019.12.08"]
[Round "9"]
[White "Thatte, Nandinee"]
[Black "Muhunthan, Charukgan"]
[Result "0-1"]
[WhiteElo "1091"]
[BlackElo "1377"]
[PlyCount "54"]
[EventDate "2019.12.08"]
[EventType "swiss (blitz)"]
[EventRounds "11"]
[EventCountry "ENG"]
[SourceTitle "EXT 2021"]
[Source "ChessBase"]
[SourceDate "2020.10.23"]
[SourceVersion "1"]
[SourceVersionDate "2020.10.23"]
[SourceQuality "1"]

1. d4 Nf6 2. c4 e6 3. Nc3 Bb4 4. Qc2 b6 5. e4 Bb7 6. Bd3 d6 7. Nf3 Nbd7 8. 0-0 0-0 9. Bg5 h6 10. Bh4 Bxc3 11. bxc3 e5 12. d5 Re8 13. Rab1 Ba6 14. Qa4 Qc8 15. Rfe1 Nc5 16. Qc2 Nh7 17. Kh1 Qg4 18. h3 Qh5 19. Bg3 Ng5 20. Nxg5 hxg5 21. Kg1 Bc8 22. Be2 Qh6 23. Bf3 Rf8 24. Rb5 f5 25. exf5 Bxf5 26. Qd2 a6 27. Rb2 Nd3 0-1

[Event "London Classic op U1825 11th"]
[Site "London"]
[Date "2019.11.30"]
[Round "3"]
[White "Fava, Lorenzo"]
[Black "Thatte, Nandinee"]
[Result "1-0"]
[WhiteElo "1598"]
[BlackElo "1284"]
[PlyCount "157"]
[EventDate "2019.11.29"]
[EventType "swiss"]
[EventRounds "5"]
[EventCountry "ENG"]
[SourceTitle "CBM 195 Extra"]
[Source "ChessBase"]
[SourceDate "2020.05.31"]
[SourceVersion "1"]
[SourceVersionDate "2020.05.31"]
[SourceQuality "1"]

1. e4 c6 2. d4 d5 3. e5 Bf5 4. Nc3 e6 5. g4 Bg6 6. Nge2 Nd7 7. Nf4 c5 8. h4 cxd4 9. Nb5 Nxe5 10. Nxd4 Bc5 11. Nb3 Qb6 12. Nxc5 Qxc5 13. c3 h6 14. Be3 Qc6 15. Bd4 Be4 16. Rh3 Qd6 17. b4 b6 18. Bb5+ Ke7 19. Re3 Nf6 20. Bxe5 Qxe5 21. Nh3 Qd6 22. Qe2 Rac8 23. Rd1 Qh2 24. Rg3 Bh7 25. Ba6 Rcd8 26. Bd3 Ne4 27. Bxe4 Bxe4 28. Qe3 Bg2 29. Nf4 d4 30. cxd4 Bd5 31. Nh3 Qh1+ 32. Ke2 Qe4 33. Qxe4 Bxe4 34. Rc3 Rc8 35. Rdc1 Rxc3 36. Rxc3 Kd7 37. Ke3 Bd5 38. Nf4 Bc6 39. Nd3 f6 40. f4 Kd6 41. Nb2 Kd5 42. a4 a6 43. a5 bxa5 44. Rc5+ Kd6 45. Nc4+ Kd7 46. Nb6+ Kc7 47. bxa5 Kd6 48. Rc2 h5 49. g5 fxg5 50. fxg5 Rf8 51. Nc4+ Kd5 52. Ne5 Rc8 53. Rc5+ Kd6 54. Nc4+ Ke7 55. Nb6 Rc7 56. d5 Kd6 57. Rxc6+ Rxc6 58. dxc6 Kxc6 59. Ke4 Kb5 60. Ke5 Kxa5 61. Nd7 Kb5 62. Kd4 Kc6 63. Nb8+ Kd6 64. Nxa6 e5+ 65. Ke4 g6 66. Nb4 Ke6 67. Nd3 Kf7 68. Kxe5 Ke7 69. Nf4 Kf7 70. Kd6 Kg7 71. Ke7 Kh7 72. Kf7 Kh8 73. Nxg6+ Kh7 74. Nf4 Kh8 75. Nxh5 Kh7 76. g6+ Kh6 77. g7 Kxh5 78. g8Q Kh6 79. Qg6# 1-0

[Event "London Classic U1825 op 10th"]
[Site "London"]
[Date "2018.12.16"]
[Round "4"]
[White "Wan Abdul Hamid, Wan Luqman Haki"]
[Black "Thatte, Nandinee"]
[Result "0-1"]
[WhiteElo "1630"]
[BlackElo "1411"]
[PlyCount "66"]
[EventDate "2018.12.14"]
[EventType "swiss"]
[EventRounds "5"]
[EventCountry "ENG"]
[SourceTitle "CBM 187 Extra"]
[Source "ChessBase"]
[SourceDate "2018.11.04"]
[SourceVersion "1"]
[SourceVersionDate "2018.11.04"]
[SourceQuality "1"]

1. d4 Nf6 2. c4 g6 3. Nf3 Bg7 4. g3 0-0 5. Bg2 d6 6. 0-0 Nbd7 7. Nc3 Re8 8. e4 e5 9. d5 Nc5 10. Qc2 a5 11. b3 Kh8 12. Ng5 Rf8 13. Bb2 Nh5 14. f4 exf4 15. gxf4 Nxf4 16. Rxf4 Qxg5 17. Raf1 f5 18. Qf2 Nd3 19. Qd2 Nxf4 20. Rxf4 Be5 21. Ne2 Kg8 22. Bc1 Bxf4 23. Qxf4 Qxf4 24. Bxf4 fxe4 25. Bxe4 Bg4 26. Bh6 Rfe8 27. Ng3 Re5 28. Bf4 Re7 29. Bg5 Rf7 30. Be3 Re8 31. Bh6 Bf3 32. Bxf3 Rxf3 33. Kg2 Rc3 0-1

[Event "London Chess Classic op 10th"]
[Site "London"]
[Date "2018.12.12"]
[Round "4"]
[White "Othman, Wael"]
[Black "Thatte, Nandinee"]
[Result "0-1"]
[WhiteElo "1305"]
[BlackElo "1411"]
[PlyCount "84"]
[EventDate "2018.12.09"]
[EventType "swiss"]
[EventRounds "5"]
[EventCountry "ENG"]
[SourceTitle "EXT 2021"]
[Source "ChessBase"]
[SourceDate "2020.10.23"]
[SourceVersion "1"]
[SourceVersionDate "2020.10.23"]
[SourceQuality "1"]

1. c4 Nf6 2. Nf3 d6 3. g3 e5 4. d3 c6 5. Bg2 Be6 6. 0-0 Nbd7 7. Ng5 Bf5 8. e4 Bg6 9. Qb3 Nc5 10. Qc2 h6 11. Nf3 Be7 12. Nh4 Bh7 13. Nf5 0-0 14. Nd2 Rc8 15. Bh3 Ne6 16. Nf3 Re8 17. Nxe7+ Rxe7 18. Nh4 Nd4 19. Qd1 Rcc7 20. Nf5 Bxf5 21. exf5 d5 22. c5 Qd7 23. g4 b6 24. b4 bxc5 25. bxc5 Rb7 26. Re1 Rb5 27. Rf1 Rxc5 28. Ba3 Rc2 29. Bxe7 Qxe7 30. Kh1 Nh7 31. Bg2 Qh4 32. Rb1 Ng5 33. Rb4 Rd2 34. Rxd4 Rxd1 35. Rxd1 exd4 36. f3 Qf2 37. a4 Qe2 38. Ra1 Qxd3 39. a5 Nxf3 40. Bxf3 Qxf3+ 41. Kg1 d3 42. Rb1 d2 0-1

[Event "BCF-chT4S 1718 (4NCL)"]
[Site "England"]
[Date "2018.01.13"]
[Round "3.85"]
[White "Thatte, Nandinee"]
[Black "Langham, Rod E"]
[Result "0-1"]
[WhiteElo "1256"]
[BlackElo "1685"]
[PlyCount "146"]
[EventDate "2017.11.11"]
[EventType "team-swiss"]
[EventRounds "11"]
[EventCountry "ENG"]
[SourceTitle "EXT 2020"]
[Source "ChessBase"]
[SourceDate "2019.10.17"]
[SourceVersion "1"]
[SourceVersionDate "2019.10.17"]
[SourceQuality "1"]
[WhiteTeam "Iceni III"]
[BlackTeam "Oxford IV"]
[WhiteTeamCountry "ENG"]
[BlackTeamCountry "ENG"]

1. d4 d5 2. c4 e6 3. Nc3 Nf6 4. Nf3 c6 5. Bg5 Nbd7 6. e3 Qa5 7. Qc2 Bb4 8. Nd2 Ne4 9. Ndxe4 dxe4 10. Bf4 f5 11. Be2 Be7 12. 0-0 0-0 13. a3 Qd8 14. h3 Nf6 15. Rfd1 Qe8 16. b4 Bd7 17. Rd2 Rc8 18. Qb3 Kh8 19. c5 Nd5 20. Bh2 Bg5 21. Nxd5 exd5 22. Be5 a6 23. Rb1 Qg6 24. Qd1 Qh6 25. a4 f4 26. exf4 Bxf4 27. Bxf4 Qxf4 28. Qe1 Rf6 29. Rb3 Rcf8 30. f3 Qg5 31. Rd1 Bxh3 32. Qf2 Be6 33. Qe3 Qxe3+ 34. Rxe3 exf3 35. Bxf3 g6 36. Rde1 Bf5 37. Re8 Kg7 38. R1e7+ R6f7 39. Rxf7+ Rxf7 40. Re1 h5 41. Re5 Bc2 42. a5 Kf6 43. g4 hxg4 44. Bxg4 Bf5 45. Bxf5 gxf5 46. Kf2 Rg7 47. Kf3 Rg4 48. Ke3 Re4+ 49. Rxe4 fxe4 50. Kf4 Ke6 51. Kg4 Ke7 52. Kf4 Kf6 53. Kg4 Kg6 54. Kf4 Kh5 55. Kg3 Kg5 56. Kf2 Kf4 57. Ke2 e3 58. Ke1 Ke4 59. Ke2 Kxd4 60. Ke1 Ke4 61. Ke2 d4 62. Kd1 Kd3 63. Ke1 e2 64. Kf2 Kd2 65. Kf3 e1Q 66. Kf4 Kd3 67. Kf5 Qe8 68. Kf6 Ke4 69. Kg5 Qf8 70. Kg6 Ke5 71. Kg5 Qg7+ 72. Kh5 Kf4 73. b5 Qg5# 0-1

[Event "London Classic op"]
[Site "London"]
[Date "2017.12.08"]
[Round "8"]
[White "Lie, Terje"]
[Black "Thatte, Nandinee"]
[Result "1-0"]
[WhiteElo "1527"]
[BlackElo "1257"]
[PlyCount "109"]
[EventDate "2017.12.02"]
[EventType "swiss"]
[EventRounds "9"]
[EventCountry "ENG"]
[SourceTitle "CBM 182 Extra"]
[Source "ChessBase"]
[SourceDate "2018.02.23"]
[SourceVersion "1"]
[SourceVersionDate "2018.02.23"]
[SourceQuality "1"]

1. d4 Nf6 2. c4 g6 3. Nc3 Bg7 4. Nf3 0-0 5. Bg5 d6 6. Qc1 Re8 7. e4 e5 8. d5 Nbd7 9. b4 c6 10. Bd3 a5 11. a3 Qb6 12. Rb1 Qc7 13. 0-0 Nb6 14. Rd1 Bg4 15. Qe3 cxd5 16. Nxd5 Nbxd5 17. cxd5 axb4 18. Rdc1 Qd7 19. axb4 Rec8 20. Ne1 Qe8 21. b5 Qd8 22. b6 Rxc1 23. Qxc1 Qc8 24. Qb2 Qc5 25. Be3 Qc8 26. f3 Bd7 27. Bb5 Bxb5 28. Qxb5 Qd7 29. Qb2 Nh5 30. Rc1 Nf4 31. Rc7 Qa4 32. Rxb7 Qa3 33. Qd2 Qa5 34. g3 Qxd2 35. Bxd2 Ne2+ 36. Kf2 Nd4 37. Ra7 Rb8 38. b7 Rf8 39. Ra8 Nb5 40. Rxf8+ Kxf8 41. b8Q+ Ke7 42. Bb4 Bf8 43. Qxb5 Kf6 44. h4 g5 45. h5 Kg7 46. Qd7 h6 47. Bxd6 Bxd6 48. Qxd6 Kh7 49. Qxe5 Kg8 50. Qf6 Kh7 51. Qxf7+ Kh8 52. Qa7 g4 53. d6 gxf3 54. d7 Kg8 55. d8R# 1-0

[Event "London Classic op"]
[Site "London"]
[Date "2017.12.03"]
[Round "2"]
[White "Damianou, Ioannis"]
[Black "Thatte, Nandinee"]
[Result "1-0"]
[WhiteElo "1907"]
[BlackElo "1257"]
[PlyCount "81"]
[EventDate "2017.12.02"]
[EventType "swiss"]
[EventRounds "9"]
[EventCountry "ENG"]
[SourceTitle "CBM 182 Extra"]
[Source "ChessBase"]
[SourceDate "2018.02.23"]
[SourceVersion "1"]
[SourceVersionDate "2018.02.23"]
[SourceQuality "1"]

1. c4 e5 2. g3 Nc6 3. Bg2 f5 4. Nc3 Nf6 5. e3 d6 6. Nge2 Be6 7. b3 Be7 8. 0-0 0-0 9. d4 Bf7 10. d5 Nb4 11. a3 Na6 12. b4 Rc8 13. Bb2 Bg6 14. h3 Nh5 15. f4 Nf6 16. fxe5 dxe5 17. d6 cxd6 18. Bxb7 Qb6 19. Bxc8 Qxe3+ 20. Kg2 Rxc8 21. c5 dxc5 22. Bc1 Rd8 23. Qxd8+ Bxd8 24. Bxe3 cxb4 25. axb4 Nxb4 26. Rxa7 Nc6 27. Ra8 Kf7 28. Rd1 Bc7 29. Rc8 Ne8 30. Rxc7+ Nxc7 31. Rd7+ Kf6 32. Rxc7 Nd8 33. Nd5+ Ke6 34. Nec3 Nf7 35. Bc5 f4 36. g4 Be4+ 37. Kf2 Bxd5 38. Re7+ Kf6 39. Nxd5+ Kg6 40. Re6+ Kg5 41. Be7# 1-0

[Event "BCF-ch U12"]
[Site "Llandudno"]
[Date "2017.08.04"]
[Round "6"]
[White "Thatte, Nandinee"]
[Black "Sheikh, Anum"]
[Result "1-0"]
[WhiteElo "1171"]
[BlackElo "1539"]
[PlyCount "85"]
[EventDate "2017.07.30"]
[EventType "swiss"]
[EventRounds "7"]
[EventCountry "WLS"]
[SourceTitle "CBM 179 Extra"]
[Source "ChessBase"]
[SourceDate "2017.08.23"]
[SourceVersion "1"]
[SourceVersionDate "2017.08.23"]
[SourceQuality "1"]

1. d4 Nf6 2. c4 g6 3. Nc3 Bg7 4. e4 d6 5. h3 0-0 6. Be3 Nc6 7. Nge2 a6 8. Ng3 e5 9. d5 Nd4 10. b4 Nd7 11. Bd3 a5 12. Rb1 axb4 13. Rxb4 c5 14. Rb2 h5 15. Qd2 Kh7 16. Bg5 Nf6 17. 0-0 Qc7 18. Rb5 Ng8 19. Nce2 f6 20. Be3 g5 21. Nxd4 Qf7 22. Rb6 Ra6 23. Rfb1 Nh6 24. Rxa6 bxa6 25. Rb6 Rd8 26. a4 h4 27. Ngf5 Nxf5 28. exf5 Kg8 29. Qa5 Qe7 30. Rb8 Rf8 31. Qb6 Qd7 32. Qc6 Qxc6 33. dxc6 Kf7 34. Be4 Ke7 35. Ra8 Kd8 36. Ra7 Bh8 37. Bd2 Rg8 38. Ba5+ Ke8 39. Bd5 Rf8 40. Be6 Bxe6 41. fxe6 f5 42. c7 Ke7 43. c8Q+ 1-0

[Event "BCF-ch U12"]
[Site "Llandudno"]
[Date "2017.08.03"]
[Round "5"]
[White "Khan, Samir"]
[Black "Thatte, Nandinee"]
[Result "1/2-1/2"]
[WhiteElo "1480"]
[BlackElo "1171"]
[PlyCount "64"]
[EventDate "2017.07.30"]
[EventType "swiss"]
[EventRounds "7"]
[EventCountry "WLS"]
[SourceTitle "CBM 179 Extra"]
[Source "ChessBase"]
[SourceDate "2017.08.23"]
[SourceVersion "1"]
[SourceVersionDate "2017.08.23"]
[SourceQuality "1"]

1. e4 d5 2. exd5 Qxd5 3. Nc3 Qa5 4. d4 Nf6 5. Bd2 c6 6. Bc4 Bf5 7. Nge2 e6 8. 0-0 Nbd7 9. Re1 Bd6 10. Nb5 Bb4 11. Bxb4 Qxb4 12. Nc7+ Ke7 13. Nxa8 Qxc4 14. Nc7 Qxc2 15. Nf4 Qxd1 16. Raxd1 Rc8 17. d5 cxd5 18. Ncxd5+ Kf8 19. Nxf6 Nxf6 20. Rc1 Rd8 21. h3 g5 22. Ne2 Rd2 23. Rc8+ Kg7 24. Ra8 a6 25. b4 Rxa2 26. b5 Bd3 27. Nc1 Rd2 28. Nxd3 Rxd3 29. bxa6 bxa6 30. Rxa6 Kg6 31. Ra7 Rd7 32. Ra8 Rd3 1/2-1/2

[Event "BCF-ch U12"]
[Site "Llandudno"]
[Date "2017.08.02"]
[Round "4"]
[White "Thatte, Nandinee"]
[Black "Balouka Myers, Toby"]
[Result "1/2-1/2"]
[WhiteElo "1171"]
[BlackElo "1503"]
[PlyCount "26"]
[EventDate "2017.07.30"]
[EventType "swiss"]
[EventRounds "7"]
[EventCountry "WLS"]
[SourceTitle "CBM 179 Extra"]
[Source "ChessBase"]
[SourceDate "2017.08.23"]
[SourceVersion "1"]
[SourceVersionDate "2017.08.23"]
[SourceQuality "1"]

1. d4 Nf6 2. c4 e6 3. Nc3 Bb4 4. Qc2 b6 5. e4 Bb7 6. Bd3 0-0 7. Bg5 d6 8. f3 Nc6 9. Nge2 e5 10. d5 Nd4 11. Qd2 a5 12. 0-0 Bc5 13. Kh1 Qe7 1/2-1/2

[Event "BCF-ch U12"]
[Site "Llandudno"]
[Date "2017.07.31"]
[Round "2"]
[White "Yoon, Jacob D"]
[Black "Thatte, Nandinee"]
[Result "1-0"]
[WhiteElo "1874"]
[BlackElo "1171"]
[PlyCount "143"]
[EventDate "2017.07.30"]
[EventType "swiss"]
[EventRounds "7"]
[EventCountry "WLS"]
[SourceTitle "CBM 179 Extra"]
[Source "ChessBase"]
[SourceDate "2017.08.23"]
[SourceVersion "1"]
[SourceVersionDate "2017.08.23"]
[SourceQuality "1"]

1. e4 d5 2. exd5 Qxd5 3. Nc3 Qa5 4. d4 c6 5. Nf3 Bf5 6. Bd3 Bxd3 7. Qxd3 Nf6 8. Bd2 Qc7 9. 0-0-0 e6 10. Ne5 Bd6 11. f4 Nbd7 12. Qe2 0-0-0 13. Nxf7 Rhe8 14. Nxd8 Kxd8 15. g3 Kc8 16. Rhe1 Nb6 17. Kb1 Kb8 18. Qf3 Qf7 19. Re2 Nfd7 20. Qg2 Re7 21. Rde1 Nf8 22. Ne4 Bc7 23. Bb4 Re8 24. Ng5 Qf5 25. Bxf8 Rxf8 26. Nxe6 Rc8 27. Nxc7 Rxc7 28. Re8+ Rc8 29. Rxc8+ Nxc8 30. Qe2 Qd7 31. Qe5+ Ka8 32. Qe8 Qxe8 33. Rxe8 Kb8 34. c4 Kc7 35. Rxc8+ Kxc8 36. Kc2 Kd7 37. Kd3 Ke6 38. Ke4 g6 39. g4 b5 40. d5+ Kd6 41. dxc6 Kxc6 42. cxb5+ Kxb5 43. f5 gxf5+ 44. gxf5 Kc6 45. b4 a6 46. f6 Kd7 47. a4 h6 48. b5 axb5 49. a5 b4 50. Kd4 Ke6 51. a6 b3 52. Kc3 Kxf6 53. a7 b2 54. Kxb2 Kf5 55. a8Q Ke5 56. Qh8+ Ke4 57. Qxh6 Kf5 58. Kc3 Ke5 59. Qg6 Kf4 60. Qe6 Kg5 61. h4+ Kxh4 62. Qg8 Kh5 63. Kd4 Kh4 64. Ke4 Kh5 65. Kf5 Kh4 66. Qg5+ Kh3 67. Qg4+ Kh2 68. Kf4 Kh1 69. Kf3 Kh2 70. Kf2 Kh1 71. Qg8 Kh2 72. Qh8# 1-0

[Event "Crawley e2e4 Gatwick op U1650"]
[Site "Crawley"]
[Date "2016.05.27"]
[Round "1"]
[White "MacDonald, John"]
[Black "Thatte, Nandinee"]
[Result "1-0"]
[WhiteElo "1517"]
[BlackElo "1197"]
[PlyCount "63"]
[EventDate "2016.05.27"]
[EventType "swiss"]
[EventRounds "7"]
[EventCountry "ENG"]
[SourceTitle "EXT 2019"]
[Source "ChessBase"]
[SourceDate "2018.10.10"]
[SourceVersion "1"]
[SourceVersionDate "2018.10.10"]
[SourceQuality "1"]

1. e4 d6 2. d4 g6 3. Nc3 Bg7 4. f4 c6 5. Nf3 Bg4 6. Be3 Nd7 7. h3 Bxf3 8. Qxf3 Ngf6 9. 0-0-0 0-0 10. g4 Qc7 11. Bc4 e5 12. dxe5 dxe5 13. f5 Rad8 14. Bb3 Kh8 15. g5 Ne8 16. f6 Ndxf6 17. gxf6 Rxd1+ 18. Rxd1 Nxf6 19. Bc5 Rg8 20. Bd6 Qd7 21. Bxe5 Qe7 22. Bxf6 Bxf6 23. Kb1 Rf8 24. Rf1 Kg8 25. Qxf6 Qd7 26. e5 b5 27. e6 Qc7 28. e7 Qc8 29. exf8Q+ Qxf8 30. Bxf7+ Qxf7 31. Qxf7+ Kh8 32. Qf8# 1-0